Wszystkie polskie kluby piłkarskie na literę A - Statystyki

Ogólne statystyki
  • Ten quiz został rozwiązany 28 razy
  • Średni wynik to 2 z 85
Statystyki odpowiedzi
Odpowiedź % Poprawnych
Arka Gdynia
73%
Amica Wronki
31%
Avia Świdnik
23%
Arkonia Szczecin
12%
Apator Toruń
8%
AKS Chorzów
4%
AKS Mikołów
4%
AKS Strzegom
4%
Alit Ożarów
4%
Aluminium Konin
4%
Alwa Brody Małe
4%
Amator Paszyn
4%
Arka Nowa Sól
4%
Arka Pawłów
4%
Astra Krotoszyn
4%
Astra Ustronie Morskie
4%
Absolwent Domaszewnica
0%
Acer Miały
0%
Advit Łętownia
0%
Advit Wiązownia
0%
Agfa Prusinowice
0%
Agra Ostrowite
0%
Agrogol Golenice
0%
Agrosport Leśna Podlaska
0%
Agros Suchawa
0%
Akcja I Jastrzębia
0%
AKS Niwka Sosnowiec
0%
AKS Ujanowice
0%
Albatros Biszcza
0%
Albatros Jaśkowice
0%
Alces Długie
0%
Alek Ostrów
0%
Aleksandria Aleksandrów
0%
Alfa Jaromirowice
0%
Alfa Siedliska
0%
Alkas Aleksandria
0%
Altus Szychowice
0%
Amator Bobrowniki
0%
Amator Kiełpino
0%
Amator Maszewo
0%
Amator Oleśnica Mała
0%
Amator Rososz-Leopoldów
0%
Amator Wierzchowice
0%
Ambra Ołtarzew
0%
Ambrozja Bogdaszowice
0%
Amfibolit Leszczyniec
0%
Amicus Mórka
0%
Amigos Warszawa
0%
AMSPN Hetman Zamość
0%
Amur Wilga
0%
Anastasis Wierzbno
0%
Andaluzja Brzozowice-Kamień
0%
Andoria Mircze
0%
Andrespolia Wiśnowa Góra
0%
Andrex Brzyście
0%
Anprel Nowa Wieś
0%
AON Rembertów
0%
Arkadia Jaksice
0%
Arkadia Malechowo
0%
Arkadia Olszyny
0%
Arka Mierzęcin
0%
Arka Trzebnice
0%
Arkonia Pomysk Wielki
0%
Arkon Przemków
0%
Armatura Kraków
0%
Armaty Stoczek Łukowski
0%
As Pieski
0%
Astoria Szczerców
0%
Astra Leśniowice
0%
Astra Medynia Głogowska
0%
Astra Piekoszów
0%
Astra Spytkowice
0%
Astra Zduny
0%
Atak Kątna
0%
Atlas Goręczyno
0%
Atom Grądy-Goświnowice
0%
ATS Wojbórz
0%
Atut Podborze
0%
Avenir Jabłonna
0%
Avia Ozorowice
0%
Avia Siedlnica
0%
Avia Węgrzynice
0%
Awdaniec Pakosław
0%
Azalia Wola Zarczycka
0%
AZS WSU Kielce
0%
Nie znaleziono quizów pasujących do podanych kryteriów
Rozkład punktacji
Procent ludzi z każdym wynikiem
Percentyl według liczby udzielonych odpowiedzi
Twoja historia wyników
Nie rozwiązałeś tego quizu